[Event "POL-chT Region 0607"]
[Site "Poland"]
[Date "2006.12.10"]
[Round "4"]
[White "Wojnowski, Mateusz"]
[Black "Baranowski, Pawel"]
[Result "0-1"]
[WhiteElo "1800"]
[BlackElo "1800"]
[PlyCount "92"]
[EventDate "2006.11.12"]
[EventType "team"]
[EventRounds "11"]
[EventCountry "POL"]
[SourceTitle "EXT 2008"]
[Source "ChessBase"]
[SourceDate "2007.11.25"]
[SourceVersion "1"]
[SourceVersionDate "2007.11.25"]
[SourceQuality "1"]

1. e4 e6 2. d3 d5 3. Nd2 Nf6 4. g3 dxe4 5. dxe4 e5 6. Ngf3 Nbd7 7. Bg2 Bc5 8. 0-0 0-0 9. Qe2 a5 10. Nb3 Bd6 11. Bd2 b6 12. Rfd1 Bb7 13. Nh4 a4 14. Nc1 Nc5 15. f3 Ne6 16. Be3 g6 17. Nd3 Qe7 18. Rd2 Rfd8 19. a3 Nh5 20. Qf2 Nf6 21. Re1 Ba6 22. h3 Nc5 23. Nxc5 Bxc5 24. Red1 Rxd2 25. Qxd2 Bxe3+ 26. Qxe3 Qc5 27. Qxc5 bxc5 28. c3 Kf8 29. f4 Re8 30. f5 g5 31. Nf3 Nxe4 32. g4 f6 33. Rd7 Re7 34. Rxe7 Kxe7 35. Nxe5 Nd2 36. Nf3 Nxf3+ 37. Bxf3 Kd6 38. Kf2 Bb5 39. Bd1 Ke5 40. Kf3 Bc6+ 41. Kg3 Kd6 42. Be2 Bd5 43. Bb5 Bb3 44. Kf3 Kd5 45. Ke3 c6 46. Be2 Bc2 0-1